|
|
|
|
| LEADER |
00000nam a22000007a 4500 |
| 005 |
20220211212244.0 |
| 007 |
cr|||| ||| |
| 008 |
220211s2015 co |||||s|||| 00||0 spa d |
| 020 |
|
|
|a 9789587711875
|
| 035 |
|
|
|a 35877
|
| 040 |
|
|
|a vLex
|
| 090 |
|
|
|c 12961
|d 12961
|
| 100 |
1 |
|
|a Prieto Herrera, Jorge Eličer
|
| 245 |
1 |
3 |
|a Las ventas
|h [Recurso electrn̤ico] :
|b una profesin̤ para gente superior /
|c Jorge Eličer Prieto Herrera
|
| 256 |
|
|
|a Servicio en ln̕ea
|
| 260 |
|
|
|a Bogot:̀
|b ECOE,
|c 2015
|
| 300 |
|
|
|a 1 recurso electrn̤ico
|
| 506 |
1 |
|
|a Disponible solo en los productos indicados
|d vLex Global
|d vLex Global (Academic Edition, excluding Law Schools)
|d vLex Global (U.S. Academic Edition, Law Schools)
|d vLex Global (U.S. Academic Edition, excluding Law Schools)
|d vLex Global (Academic Edition, Law Schools)
|
| 650 |
0 |
4 |
|a Derecho Mercantil y de la Empresa
|z Colombia
|
| 740 |
0 |
|
|a vLex Libros (Servicio en ln̕ea)
|
| 856 |
4 |
0 |
|u https://app.vlex.com/#/sources/35877
|z Acceso restringido
|
| 942 |
|
|
|c BOOK
|
| 999 |
0 |
|
|a Commercial and Company Law
|